00829nam a2200169 a 450000100100000000500170001000800410002704000250006808200150009310000310010824500920013926000500023130000200028150001570030195201840045899900170064200003245720200930065642.0110718s1912 dr 000 0 spa d aDO-SdBNPbspacBNPHU axxxbL991c1 aLyon, Julio Ernesto95841110aContribución al estudio de la litiasis urinaria en los niños /cJulio Ernesto Lyon. aSanto Domingo :bLa Cuna de América,c1912. a47 p. ;c24 cm. aOriginalmente presentada como tesis para optar para la licenciatura en la facultad de medicina y cirugía en el Instituto Profesional de Santo Domingo. 001050718RVaPDbPDcCTd2011-07-18iLF1l0oxxx L991cp32457-10r2020-06-25w2020-06-25y1z Perteneció a la biblioteca personal de Carlos Larrazábal Blanco.ZNo se presta c31948d31948